| 000 | 00740 a2200181 4500 | ||
|---|---|---|---|
| 003 | Nust | ||
| 005 | 20170207153219.0 | ||
| 040 | _cNust | ||
| 082 | _a621.382 | ||
| 100 | _aAhmed, Furqan (MSEE-11) | ||
| 245 |
_aA direct digital frequency synthesizer based frequency hopping system _cFurqan Ahmed |
||
| 260 |
_bMCS, NUST _c2008 _aRawalpindi |
||
| 300 | _aix,56 ,p.; | ||
| 505 | _aIntroduction (page-1) Frequency synthesizers for frequency hopped systems (page-15) Design and performance analysis of DDFS based frequency hopped system (page-23) Performance enhancement by using dynamic adaptive frequency hopping (page-42) Conclusion and future work (page-52). | ||
| 538 | _aAlmirah No 69 Shelf No 2 | ||
| 650 | _aMS Thesis | ||
| 651 | _aMSEE-11 | ||
| 942 | _cTHS | ||
| 999 |
_c181723 _d181723 |
||